[Event "22nd Open"]
[Site "Cappelle la Grande FRA"]
[Date "2006.02.23"]
[Round "7"]
[White "Oleksienko,M"]
[Black "Porat,I"]
[Result "1/2-1/2"]
[WhiteElo "2509"]
[BlackElo "2340"]
[EventDate "2006.02.18"]

1. e4 c5 2. Nf3 d6 3. d4 cxd4 4. Nxd4 Nf6 5. Nc3 g6 6. Be3 Bg7 7. f3 Nc6 8.
Qd2 O-O 9. O-O-O d5 10. exd5 Nxd5 11. Nxc6 bxc6 12. Nxd5 cxd5 13. Qxd5 Qc7
14. Qc5 Qb8 15. Qa3 Bf5 16. Bd3 Qe5 17. Bxf5 Qxf5 18. Kb1 Rab8 19. Bc1 Rfc8
20. Rd3 Qe5 21. Rhd1 Qxh2 22. Qxe7 Qxg2 23. Rd8+ Rxd8 24. Rxd8+ Rxd8 25.
Qxd8+ Bf8 26. b3 Qg3 27. a4 Qe1 28. Kb2 h5 29. Bh6 Qe5+ 30. Ka2 Qd6 31. Qa8
h4 32. Bxf8 Qxf8 33. Qe4 Qd8 34. Qg4 Kh7 35. f4 f5 36. Qg2 Qe7 37. Qf2 Kg8
38. Qg1 Kh7 39. Qd4 Qc7 40. c4 h3 41. Qd5 Kg7 42. Qd4+ Kf7 43. Qd5+ Kf6 44.
Qd4+ Kf7 45. Qd5+ Kg7 1/2-1/2

[Event "22nd Open"]
[Site "Cappelle la Grande FRA"]
[Date "2006.02.23"]
[Round "7"]
[White "Riazantsev,A"]
[Black "Porat,S"]
[Result "1-0"]
[WhiteElo "2594"]
[BlackElo "2444"]
[EventDate "2006.02.18"]

1. d4 Nf6 2. c4 e6 3. Nf3 b6 4. a3 Bb7 5. Nc3 d5 6. cxd5 Nxd5 7. Bd2 Be7 8.
Qc2 O-O 9. e4 Nxc3 10. Bxc3 c5 11. dxc5 bxc5 12. Rd1 Qc7 13. Bd3 Nd7 14.
O-O Rfd8 15. Rfe1 Rac8 16. Bb5 Bd6 17. Qa4 Nb6 18. Qa5 c4 19. Ba6 Bxa6 20.
Qxa6 Bf8 21. g3 h6 22. Kg2 Rd7 23. Rxd7 Qxd7 24. Ne5 Qc7 25. Rd1 Bc5 26.
Nxc4 Qc6 27. Nxb6 axb6 28. f3 f5 29. exf5 exf5 30. Qc4+ Kh7 31. Qf7 Qg6 32.
Rd7 Bf8 33. Qxg6+ Kxg6 34. Rb7 Kh7 35. Bd4 Rc4 36. Be5 Rc5 37. Bc3 Rc8 38.
a4 Rc4 39. Ra7 h5 40. Rf7 Kg8 41. Rxf5 Rxa4 42. Rxh5 g6 43. Rd5 Kf7 44.
Rd7+ 1-0

[Event "22nd Open"]
[Site "Cappelle la Grande FRA"]
[Date "2006.02.23"]
[Round "7"]
[White "Lopez Martinez,J"]
[Black "Cosma,E"]
[Result "1/2-1/2"]
[WhiteElo "2518"]
[BlackElo "2367"]
[EventDate "2006.02.18"]

1. e4 e6 2. d4 d5 3. Nc3 h6 4. Be3 dxe4 5. Nxe4 Nd7 6. Nf3 Ngf6 7. Nxf6+
Nxf6 8. Qd2 Nd5 9. O-O-O Be7 10. c4 Nxe3 11. fxe3 c5 12. d5 Bf6 13. e4 Bg5
14. Nxg5 Qxg5 15. Qxg5 hxg5 16. e5 g4 17. Be2 Rh5 18. Bxg4 Rxe5 19. Bf3 Rb8
20. h4 Bd7 21. h5 Kf8 22. Rh4 b6 23. d6 Rd8 24. h6 gxh6 25. Rxh6 Kg7 26.
Rh4 Ba4 27. b3 Be8 28. Rg4+ Kf8 29. Kb2 Rf5 30. Kc3 a5 31. a3 Re5 32. Rd3
Re1 33. Bb7 Rc1+ 34. Kb2 Rf1 35. a4 Rf6 36. Rg5 e5 37. Rxe5 Rdxd6 38. Bd5
Bd7 39. Kc3 Rg6 40. Rde3 Be6 41. g3 Ke7 42. Kd2 Rf6 43. Ke2 Kf8 1/2-1/2

[Event "22nd Open"]
[Site "Cappelle la Grande FRA"]
[Date "2006.02.23"]
[Round "7"]
[White "Zaragatski,I"]
[Black "El Farihi,M"]
[Result "1/2-1/2"]
[WhiteElo "2400"]
[BlackElo "2135"]
[EventDate "2006.02.18"]

1. e4 e5 2. Nf3 Nf6 3. Nxe5 d6 4. Nf3 Nxe4 5. Nc3 Nxc3 6. dxc3 Be7 7. Be3
Nc6 8. Qd2 Be6 9. O-O-O a6 10. Ng5 Bf5 11. Bc4 Ne5 12. Bb3 h6 13. Nf3 Nxf3
14. gxf3 Rf8 15. Rde1 Qd7 16. Bd4 f6 17. Re3 O-O-O 18. Rhe1 Rde8 19. Qe2
Kd8 20. c4 g5 21. Bc3 Bg6 22. c5 dxc5 23. Bd5 Bd6 24. Bxb7 Qb5 25. Bxa6
Qxe2 26. R1xe2 Bxh2 27. Bb5 Bf4 28. Rd2+ Kc8 29. Bd7+ Kb7 30. Bxe8 Rxe8 31.
Rxe8 Bxe8 32. Kd1 Bxd2 33. Kxd2 f5 34. Bg7 h5 35. Bf6 g4 36. fxg4 fxg4 37.
c4 Kc6 38. Bh4 Bg6 39. Kc3 Bb1 40. a4 Kb7 41. Bg3 Be4 1/2-1/2

[Event "22nd Open"]
[Site "Cappelle la Grande FRA"]
[Date "2006.02.23"]
[Round "7"]
[White "Kieffer,C"]
[Black "Hasangatin,R"]
[Result "0-1"]
[WhiteElo "2183"]
[BlackElo "2460"]
[EventDate "2006.02.18"]

1. e4 c5 2. Nf3 Nf6 3. e5 Nd5 4. Nc3 Nxc3 5. dxc3 Nc6 6. Bf4 Qc7 7. Qd2 e6
8. O-O-O h6 9. h4 b6 10. Qe3 Bb7 11. Nd2 Ne7 12. Nc4 Nd5 13. Qg3 O-O-O 14.
Nd6+ Bxd6 15. exd6 Qc6 16. c4 Nxf4 17. Qxf4 Qe4 18. Qxe4 Bxe4 19. f3 Bc6
20. Bd3 g5 21. hxg5 hxg5 22. Kd2 f5 23. a3 Rdg8 24. b4 Rh4 25. c3 Rgh8 26.
Rxh4 Rxh4 27. Ke3 Kd8 28. b5 Bb7 29. a4 g4 30. a5 gxf3 31. gxf3 f4+ 32. Kf2
Rh2+ 33. Kg1 Rh1+ 34. Kxh1 Bxf3+ 35. Kg1 Bxd1 36. axb6 axb6 37. Kf2 Ke8 38.
Ke1 Bh5 39. Be4 Kf7 40. Kf2 Kf6 41. Bc6 Be8 0-1

[Event "22nd Open"]
[Site "Cappelle la Grande FRA"]
[Date "2006.02.23"]
[Round "7"]
[White "Brodsky,M"]
[Black "Shaw,J"]
[Result "1/2-1/2"]
[WhiteElo "2581"]
[BlackElo "2432"]
[EventDate "2006.02.18"]

1. e4 d5 2. exd5 Qxd5 3. d4 e5 4. Nf3 Bg4 5. dxe5 Qxd1+ 6. Kxd1 Nc6 7. Bf4
Nge7 8. Kc1 Ng6 9. Bg3 Bxf3 10. gxf3 Ngxe5 11. f4 Nd7 12. Bc4 Be7 13. Nc3
O-O 14. Nd5 Bd6 15. f5 Nce5 16. Be2 c6 17. Nc3 Nf6 18. Rd1 Bc7 19. b4 Rfd8
20. Kb2 Nd5 21. a3 Nxc3 22. Kxc3 Kf8 23. a4 a5 24. b5 cxb5 25. Bxb5 Rac8
26. Kb3 f6 27. c3 Bb6 28. h3 Bc5 29. Rab1 Bd6 30. Rd5 Nf7 31. f4 Rc5 32.
Rbd1 Rxd5 33. Rxd5 Bc7 34. Rxd8+ Bxd8 35. Bf2 Nd6 36. Bc5 Be7 37. Bd7 Ne4
38. Bb6 Nc5+ 39. Bxc5 Bxc5 40. Kc4 b6 41. Kd5 1/2-1/2

[Event "22nd Open"]
[Site "Cappelle la Grande FRA"]
[Date "2006.02.23"]
[Round "7"]
[White "Mogranzini,R"]
[Black "Caffenne,P"]
[Result "1/2-1/2"]
[WhiteElo "2370"]
[BlackElo "2066"]
[EventDate "2006.02.18"]

1. e4 c5 2. Nf3 Nc6 3. Nc3 d6 4. d4 cxd4 5. Nxd4 e5 6. Nf3 Be7 7. Be2 Nf6
8. h3 h6 9. O-O Be6 10. Re1 d5 11. exd5 Nxd5 12. Nxd5 Qxd5 13. Qxd5 Bxd5
14. Bb5 Bxf3 15. gxf3 O-O-O 16. c3 Bg5 17. Be3 Bxe3 18. fxe3 Rd2 19. Re2
Rhd8 20. Kf2 Ne7 21. Rg1 g5 22. Bc4 f6 23. h4 Rd1 24. Rxd1 Rxd1 25. hxg5
hxg5 26. Bb3 Rd6 27. Bc2 f5 28. Ke1 Rh6 29. Rg2 Rh5 30. Kf1 Kc7 31. Rd2
Rh1+ 32. Kg2 Re1 33. Ba4 Nc6 34. Kf2 Rh1 35. Kg3 Rg1+ 36. Kf2 Rh1 37. Kg2
Re1 38. Bc2 Ne7 39. Kf2 Rh1 40. Kg3 Rg1+ 1/2-1/2

[Event "22nd Open"]
[Site "Cappelle la Grande FRA"]
[Date "2006.02.23"]
[Round "7"]
[White "Broekman,W"]
[Black "Berkovich,M"]
[Result "0-1"]
[WhiteElo "2128"]
[BlackElo "2392"]
[EventDate "2006.02.18"]

1. d4 d6 2. c4 f5 3. Nc3 Nf6 4. Nf3 g6 5. g3 Bg7 6. Bg2 O-O 7. O-O c6 8.
Re1 Ne4 9. e3 Nxc3 10. bxc3 e5 11. Re2 e4 12. Ne1 Be6 13. Rb2 Nd7 14. Bf1
Nb6 15. Rab1 Nxc4 16. Bxc4 Bxc4 17. Rxb7 Qa5 18. a4 Ba6 19. R7b2 Rac8 20.
Bd2 Qd5 21. Qb3 Rf7 22. h4 Re7 23. Ng2 Bd3 24. Ra1 Qxb3 25. Rxb3 Rf7 26.
Ne1 Bc4 27. Rb2 d5 28. Nc2 Bf8 29. Ne1 Bd6 30. Rbb1 h6 31. Bc1 g5 32. hxg5
hxg5 33. Ba3 Bxa3 34. Rxa3 Kg7 35. Rb2 Rh8 36. f4 Rh3 37. Rg2 Kg6 38. Kf2
Rfh7 0-1

[Event "22nd Open"]
[Site "Cappelle la Grande FRA"]
[Date "2006.02.23"]
[Round "7"]
[White "Gdanski,J"]
[Black "Benitah,Y"]
[Result "0-1"]
[WhiteElo "2540"]
[BlackElo "2398"]
[EventDate "2006.02.18"]

1. e4 c5 2. Nf3 d6 3. d4 cxd4 4. Nxd4 Nf6 5. Nc3 a6 6. Be2 e6 7. a4 Be7 8.
O-O Bd7 9. Be3 Nc6 10. Kh1 O-O 11. f4 Qc7 12. Nb3 Rfe8 13. a5 Nb4 14. Bb6
Qc8 15. Bf3 e5 16. f5 d5 17. Nxd5 Nbxd5 18. exd5 Bxf5 19. Rc1 Bd6 20. c4 e4
21. Be2 e3 22. c5 Be5 23. c6 Be4 24. Bf3 Bxb2 25. Rc2 Bxc2 26. Qxc2 Be5 27.
Bxe3 bxc6 28. dxc6 Bxh2 29. Bb6 Bc7 30. Nc5 Qd8 31. Qf5 Bxb6 32. axb6 Qxb6
33. Nd7 Qd4 34. c7 Rac8 35. Nxf6+ Qxf6 36. Qd7 Qh6+ 0-1

[Event "22nd Open"]
[Site "Cappelle la Grande FRA"]
[Date "2006.02.23"]
[Round "7"]
[White "Dembo,Y"]
[Black "Paleologu,V"]
[Result "1-0"]
[WhiteElo "2461"]
[BlackElo "2161"]
[EventDate "2006.02.18"]

1. e4 d6 2. d4 Nf6 3. Nc3 c6 4. f4 Qa5 5. Bd3 d5 6. e5 Ne4 7. Bxe4 dxe4 8.
Nge2 f5 9. O-O e6 10. Bd2 Qd8 11. Na4 Na6 12. c4 b5 13. cxb5 cxb5 14. Nac3
Qb6 15. Kh1 Bb7 16. Be3 Nc7 17. Qd2 Nd5 18. Nxd5 Bxd5 19. g4 g6 20. Nc3 Rd8
21. Nxd5 Rxd5 22. gxf5 exf5 23. Qc2 Be7 24. Qb3 Qd8 25. Rac1 O-O 26. Rc8
Qd7 27. Rc7 Qxc7 28. Qxd5+ Kh8 29. Rc1 Qa5 30. Qb3 g5 31. d5 gxf4 32. Bxf4
Rg8 33. d6 Bf8 34. e6 Bxd6 35. Bxd6 b4 36. Rc5 1-0

[Event "22nd Open"]
[Site "Cappelle la Grande FRA"]
[Date "2006.02.23"]
[Round "7"]
[White "Vorobiov,E"]
[Black "Petitcunot,Pi"]
[Result "1-0"]
[WhiteElo "2543"]
[BlackElo "2405"]
[EventDate "2006.02.18"]

1. Nf3 g6 2. c4 Bg7 3. d4 d6 4. Nc3 c5 5. e3 Bg4 6. Be2 Nc6 7. d5 Bxf3 8.
gxf3 Bxc3+ 9. bxc3 Ne5 10. f4 Nd7 11. Rb1 Qa5 12. Qc2 Rb8 13. Rb3 a6 14.
Bd2 Ngf6 15. O-O O-O 16. Rfb1 Qc7 17. a4 Kh8 18. Bf3 Rfe8 19. Kh1 b6 20.
Bg2 e6 21. dxe6 fxe6 22. Rd1 e5 23. Kg1 e4 24. Be1 Qc6 25. Qd2 Qxa4 26.
Rbb1 Qxc4 27. Qxd6 Re6 28. Qc7 Qa4 29. Bh3 Rbe8 30. c4 R6e7 31. Bc3 Kg8 32.
Qd6 Kf7 33. Rxb6 Kg8 34. Ra1 1-0

[Event "22nd Open"]
[Site "Cappelle la Grande FRA"]
[Date "2006.02.23"]
[Round "7"]
[White "Tomczak,J"]
[Black "Bellardi,M"]
[Result "1-0"]
[WhiteElo "2357"]
[BlackElo "2037"]
[EventDate "2006.02.18"]

1. e4 Nf6 2. Nc3 d5 3. e5 Ne4 4. Nce2 d4 5. c3 Nc6 6. Nf3 Bg4 7. Nexd4 Nxd4
8. Qa4+ Nc6 9. Qxe4 Bxf3 10. Qxf3 a6 11. d4 e6 12. Bd3 Be7 13. Be4 Qd7 14.
h4 O-O-O 15. Be3 f5 16. exf6 Bxf6 17. O-O-O Kb8 18. g4 Rhf8 19. Qe2 g6 20.
h5 g5 21. h6 Ne7 22. Bxh7 Nd5 23. Bc2 Nxe3 24. Qxe3 Be7 25. Bb3 Bd6 26.
Qxe6 Qxe6 27. Bxe6 Rxf2 28. h7 Rh8 29. Bg8 Bf4+ 30. Kb1 Rg2 31. Rde1 Rxg4
32. Re8+ Ka7 33. Bf7 1-0

[Event "22nd Open"]
[Site "Cappelle la Grande FRA"]
[Date "2006.02.23"]
[Round "7"]
[White "Kryvoruchko,Y"]
[Black "Brinck Claussen,B"]
[Result "1-0"]
[WhiteElo "2513"]
[BlackElo "2342"]
[EventDate "2006.02.18"]

1. e4 e6 2. d4 d5 3. Nd2 c5 4. Ngf3 Nc6 5. exd5 exd5 6. Bb5 Bd6 7. dxc5
Bxc5 8. O-O Nge7 9. Nb3 Bd6 10. Re1 O-O 11. Bg5 Qc7 12. Bh4 Bg4 13. Bg3
Rfd8 14. Be2 a6 15. Nfd4 Bd7 16. Bg4 Ne5 17. Bxd7 Rxd7 18. Qe2 Nc4 19. c3
h6 20. Rad1 b5 21. Rd3 Qb6 22. h4 a5 23. Bxd6 Nxd6 24. Re3 Raa7 25. h5 a4
26. Nd2 b4 27. Qg4 f5 28. Qf4 a3 29. bxa3 bxc3 30. Rxc3 Ne4 31. Rd3 Qc7 32.
Qe3 f4 33. Qe2 Qc2 1-0

[Event "22nd Open"]
[Site "Cappelle la Grande FRA"]
[Date "2006.02.23"]
[Round "7"]
[White "Foisor,O"]
[Black "Totsky,L"]
[Result "1/2-1/2"]
[WhiteElo "2392"]
[BlackElo "2496"]
[EventDate "2006.02.18"]

1. c4 e6 2. g3 d5 3. Bg2 g6 4. d4 Bg7 5. Nf3 Ne7 6. O-O Nbc6 7. e3 O-O 8.
Nc3 Bd7 9. cxd5 exd5 10. Ne1 Bf5 11. Nd3 Bxd3 12. Qxd3 Qd6 13. Bd2 Nb4 14.
Qe2 c6 15. a3 Na6 16. b4 Nc7 17. b5 c5 18. dxc5 Qxc5 19. Rfc1 Qd6 20. Rab1
Ne6 21. Na2 Rac8 22. Bb4 Nc5 23. Nc3 Rfd8 24. Rc2 b6 25. Bh3 f5 26. Rd1 Qe6
27. Bg2 Rd7 28. Rdc1 Nb3 29. Rb1 Nc5 30. Rbc1 Nb3 31. Rb1 Nc5 1/2-1/2

[Event "22nd Open"]
[Site "Cappelle la Grande FRA"]
[Date "2006.02.23"]
[Round "7"]
[White "Kulakov,V"]
[Black "Zinchenko,Ya"]
[Result "0-1"]
[WhiteElo "2237"]
[BlackElo "2501"]
[EventDate "2006.02.18"]

1. d4 g6 2. Nf3 Bg7 3. c3 Nf6 4. Bg5 O-O 5. Nbd2 d6 6. e3 Nbd7 7. Bc4 Qe8
8. O-O e5 9. dxe5 dxe5 10. a4 a5 11. b4 Nb6 12. bxa5 Rxa5 13. Bb5 c6 14.
Bxf6 Bxf6 15. Nc4 Rxb5 16. Nd6 Qe6 17. axb5 Rd8 18. Ne4 Rxd1 19. Rfxd1 Be7
20. Neg5 Qf5 21. bxc6 bxc6 22. Rdb1 Bxg5 23. Rxb6 Bd8 24. e4 Qe6 25. Rb8
Bc7 26. Rba8 h6 27. c4 c5 28. Nd2 Kg7 29. Nb3 Bb6 30. Rb8 Ba7 0-1

[Event "22nd Open"]
[Site "Cappelle la Grande FRA"]
[Date "2006.02.23"]
[Round "7"]
[White "Grooten,H"]
[Black "Firman,N"]
[Result "0-1"]
[WhiteElo "2365"]
[BlackElo "2468"]
[EventDate "2006.02.18"]

1. d4 Nf6 2. c4 e6 3. Nf3 b6 4. a3 Ba6 5. Qc2 Bb7 6. Nbd2 c5 7. e4 cxd4 8.
e5 Ng8 9. Nxd4 Nc6 10. Nxc6 Bxc6 11. Ne4 Qb8 12. Bf4 f6 13. Nd6+ Bxd6 14.
exd6 e5 15. O-O-O exf4 16. Bd3 Kf8 17. Bxh7 Qe8 18. h4 Ba4 19. Qxa4 Rxh7
20. Rhe1 Qc8 21. Rd4 Rxh4 22. Rde4 Rh5 23. Qc2 Qc6 24. Qe2 Re5 25. Rxe5
fxe5 26. Qxe5 Qxc4+ 27. Kb1 Nf6 28. Rh1 Kg8 29. f3 Re8 30. Qf5 Qd4 0-1

[Event "22nd Open"]
[Site "Cappelle la Grande FRA"]
[Date "2006.02.23"]
[Round "7"]
[White "Shirazi,K"]
[Black "Kleijn,C"]
[Result "1-0"]
[WhiteElo "2389"]
[BlackElo "2094"]
[EventDate "2006.02.18"]

1. e4 c5 2. d4 cxd4 3. c3 dxc3 4. Nxc3 Nc6 5. Nf3 d6 6. Bc4 a6 7. O-O Nf6
8. h3 b5 9. Bb3 e6 10. Qe2 Bb7 11. Rd1 Qb8 12. Bf4 Ne5 13. Nd4 Be7 14. Nxe6
fxe6 15. Bxe5 dxe5 16. Bxe6 Bc5 17. Rac1 Bd4 18. Rxd4 exd4 19. e5 Nd7 20.
Bxd7+ Kxd7 21. Qg4+ Ke8 22. Qxg7 Rf8 23. e6 Qd8 24. Qxb7 dxc3 25. e7 Qxe7
26. Qxa8+ Kf7 27. Qf3+ Kg8 28. Qxc3 Rd8 29. a4 1-0

[Event "22nd Open"]
[Site "Cappelle la Grande FRA"]
[Date "2006.02.23"]
[Round "7"]
[White "Ponkratov,P"]
[Black "Moulay,M"]
[Result "1-0"]
[WhiteElo "2389"]
[BlackElo "2083"]
[EventDate "2006.02.18"]

1. e4 e5 2. Nf3 Nc6 3. Bc4 Bc5 4. O-O Nf6 5. d4 Bxd4 6. Nxd4 Nxd4 7. Bg5
Qe7 8. Nc3 Qc5 9. Qd3 d5 10. Nxd5 Nxd5 11. Bxd5 Be6 12. c3 Bxd5 13. exd5
Qb5 14. Qe3 Ne2+ 15. Kh1 f6 16. b3 O-O 17. c4 Qb6 18. Qxe2 fxg5 19. Qxe5
Rae8 20. Qxg5 Rxf2 21. h3 h6 22. Qh5 Ree2 23. Rfe1 Rd2 24. Re8+ Kh7 25. Re6
Qd4 26. Qg6+ Kg8 27. Re8+ Rf8 28. Rxf8+ Kxf8 29. Rf1+ 1-0

[Event "22nd Open"]
[Site "Cappelle la Grande FRA"]
[Date "2006.02.23"]
[Round "7"]
[White "Sebag,M"]
[Black "Yemelin,V"]
[Result "1/2-1/2"]
[WhiteElo "2415"]
[BlackElo "2523"]
[EventDate "2006.02.18"]

1. e4 e5 2. Nf3 Nc6 3. Bb5 Nf6 4. O-O Nxe4 5. d4 Nd6 6. Bxc6 dxc6 7. dxe5
Nf5 8. Qxd8+ Kxd8 9. Nc3 Bd7 10. h3 h6 11. a3 Kc8 12. Re1 Ne7 13. Ne2 c5
14. Nf4 g5 15. e6 Bc6 16. Nd3 Bxf3 17. gxf3 fxe6 18. Nxc5 Nf5 19. Nxe6 Bd6
20. Bd2 Kd7 21. Bc3 Rhe8 22. Ng7 Rxe1+ 23. Rxe1 Nh4 24. Re6 Rf8 25. Rxh6
Rxf3 26. Rf6 Rxh3 27. Rf7+ Kc6 28. Nf5 Nxf5 1/2-1/2

[Event "22nd Open"]
[Site "Cappelle la Grande FRA"]
[Date "2006.02.23"]
[Round "7"]
[White "Porat,Dav"]
[Black "Starostits,I"]
[Result "0-1"]
[WhiteElo "2196"]
[BlackElo "2493"]
[EventDate "2006.02.18"]

1. d4 Nf6 2. c4 e6 3. Nf3 b6 4. a3 c5 5. d5 Ba6 6. b3 exd5 7. cxd5 d6 8.
Nc3 g6 9. e4 Bxf1 10. Kxf1 Bg7 11. Bb2 O-O 12. Qc2 Re8 13. Re1 a6 14. g3
Ra7 15. Kg2 Rae7 16. Nd2 b5 17. b4 Qc7 18. Qd3 Nbd7 19. f4 Nb6 20. bxc5
Qxc5 21. Ncb1 Ng4 22. Bxg7 Qf2+ 23. Kh3 Qxe1 24. Rf1 Qe3 25. Qd4 f5 26. Rf3
0-1

[Event "22nd Open"]
[Site "Cappelle la Grande FRA"]
[Date "2006.02.23"]
[Round "7"]
[White "Heppell,I"]
[Black "Willemze,J"]
[Result "0-1"]
[WhiteElo "2160"]
[BlackElo "2398"]
[EventDate "2006.02.18"]

1. e4 c6 2. c4 d5 3. exd5 cxd5 4. cxd5 Nf6 5. Nc3 Nxd5 6. Bc4 Nxc3 7. Qf3
e6 8. dxc3 Nc6 9. Bf4 Qf6 10. Rd1 Be7 11. Bd6 Bxd6 12. Qxf6 gxf6 13. Rxd6
Rg8 14. Ne2 Ne5 15. Bb5+ Ke7 16. Rd1 Rxg2 17. Ng3 Nf3+ 18. Ke2 Nxh2 19. Rd4
f5 20. Rh4 Ng4 21. Ke1 Nxf2 22. Nxf5+ exf5 23. Kf1 Nxh1 24. Kxg2 Be6 25.
Kxh1 Rd8 0-1

[Event "22nd Open"]
[Site "Cappelle la Grande FRA"]
[Date "2006.02.23"]
[Round "7"]
[White "Gharamian,T"]
[Black "Ivanov,Sergey1"]
[Result "1-0"]
[WhiteElo "2425"]
[BlackElo "2541"]
[EventDate "2006.02.18"]

1. e4 e6 2. d4 d5 3. Nc3 Bb4 4. e5 c5 5. Bd2 Ne7 6. Nb5 Bxd2+ 7. Qxd2 O-O
8. f4 f6 9. Nf3 fxe5 10. fxe5 Nbc6 11. dxc5 b6 12. cxb6 Qxb6 13. Bd3 Bd7
14. Nc3 Qxb2 15. Rb1 Qa3 16. O-O h6 17. Qe3 Kh8 18. Nb5 Qa4 19. Nd6 Qf4 20.
Qxf4 Rxf4 21. Rb7 Be8 22. Nd4 Rxd4 23. Rf8+ Ng8 24. Rxe8 Rxe8 25. Nf7+ 1-0

[Event "22nd Open"]
[Site "Cappelle la Grande FRA"]
[Date "2006.02.23"]
[Round "7"]
[White "Gozzoli,Y"]
[Black "Van Hoolandt,P"]
[Result "1-0"]
[WhiteElo "2464"]
[BlackElo "2174"]
[EventDate "2006.02.18"]

1. Nf3 Nf6 2. c4 e6 3. g3 a6 4. d4 b5 5. Nbd2 Bb7 6. Bg2 c5 7. dxc5 Bxc5 8.
O-O bxc4 9. Nxc4 d5 10. b4 O-O 11. bxc5 dxc4 12. Qc2 Qa5 13. Qxc4 Bd5 14.
Bd2 Qc7 15. Qh4 Rc8 16. Rfc1 Ne4 17. Ng5 Nxd2 18. Bxd5 exd5 19. Qxh7+ Kf8
20. Qh8+ Ke7 21. Qxg7 Rf8 22. Nh7 Rc8 23. Qg5+ Ke8 24. Nf6+ 1-0

[Event "22nd Open"]
[Site "Cappelle la Grande FRA"]
[Date "2006.02.23"]
[Round "7"]
[White "Abergel,T"]
[Black "Degraeve,JM"]
[Result "1/2-1/2"]
[WhiteElo "2426"]
[BlackElo "2553"]
[EventDate "2006.02.18"]

1. e4 e6 2. d4 d5 3. Nd2 c5 4. Ngf3 cxd4 5. Nxd4 Ne7 6. Bd3 Nbc6 7. Nxc6
Nxc6 8. O-O Nb4 9. Bb5+ Bd7 10. Bxd7+ Qxd7 11. exd5 Qxd5 12. a3 Nc6 13. c4
Qf5 14. b4 Be7 15. Qf3 Qxf3 16. Nxf3 Bf6 17. Rb1 Nd4 18. Nxd4 1/2-1/2

[Event "22nd Open"]
[Site "Cappelle la Grande FRA"]
[Date "2006.02.24"]
[Round "8"]
[White "Roiz,M"]
[Black "Sulskis,S"]
[Result "1/2-1/2"]
[WhiteElo "2599"]
[BlackElo "2504"]
[EventDate "2006.02.18"]

1. Nf3 Nf6 2. g3 d5 3. Bg2 c6 4. c4 dxc4 5. a4 Be6 6. Na3 h6 7. Qc2 Qd5 8.
O-O Na6 9. Qc3 Rd8 10. b3 cxb3 11. d3 g6 12. Nc4 Bg7 13. Ng5 Qd7 14. Nxe6
Qxe6 15. Qxb3 Nc5 16. Qa3 Nfd7 17. Ra2 O-O 18. Be3 Nxa4 19. Qxa4 b5 20. Qc2
bxc4 21. Qxc4 Qxc4 22. dxc4 Ne5 23. Rc1 Rd7 24. Rxa7 Rxa7 25. Bxa7 Ra8 26.
Bc5 Ra2 27. f4 Nd7 28. Bf2 Rxe2 29. Bxc6 Rd2 30. c5 Bb2 31. Rc4 Ba3 32. Bb5
Rxf2 33. Kxf2 Nxc5 34. Kf3 Kg7 35. Rd4 Ne6 36. Rd7 Bd6 37. Bc4 Nf8 38. Rb7
Nh7 39. h4 h5 40. Bd3 Nf6 1/2-1/2

[Event "22nd Open"]
[Site "Cappelle la Grande FRA"]
[Date "2006.02.24"]
[Round "8"]
[White "Grigoriants,S RUS"]
[Black "Drozdovskij,Y"]
[Result "1/2-1/2"]
[WhiteElo "2550"]
[BlackElo "2509"]
[EventDate "2006.02.18"]

1. c4 c6 2. d4 d5 3. Nf3 Nf6 4. Nc3 dxc4 5. a4 e6 6. e3 c5 7. Bxc4 Nc6 8.
O-O cxd4 9. Nxd4 Bd7 10. e4 Bc8 1/2-1/2

[Event "22nd Open"]
[Site "Cappelle la Grande FRA"]
[Date "2006.02.24"]
[Round "8"]
[White "Firman,N"]
[Black "Neverov,V"]
[Result "1-0"]
[WhiteElo "2468"]
[BlackElo "2554"]
[EventDate "2006.02.18"]

1. e4 c5 2. Nf3 e6 3. d4 cxd4 4. Nxd4 a6 5. Bd3 Bc5 6. Nb3 Ba7 7. Qe2 d6 8.
Nc3 Nc6 9. Be3 Nf6 10. O-O-O e5 11. Kb1 Bxe3 12. Qxe3 Be6 13. Rd2 O-O 14.
Rhd1 Qc7 15. Be2 Rfd8 16. g4 b5 17. g5 Ne8 18. Nd5 Bxd5 19. exd5 Ne7 20. f4
Ng6 21. f5 Nf4 22. Bf1 Rdc8 23. h4 b4 24. Qe4 Qb6 25. Nd4 Nc7 26. Bc4 Nb5
27. Nxb5 axb5 28. Bb3 Qc5 29. f6 Ra5 30. fxg7 Rca8 31. Rh2 Kxg7 32. h5 Rxa2
33. Bxa2 Qa7 34. Kc1 Qxa2 35. Qxb4 Qa1+ 36. Kd2 Qa6 37. Qe4 Qa2 38. b3 Qa5+
39. b4 Qa3 40. Rf2 Rc8 41. Rf3 Qb2 42. h6+ Kf8 43. Rb3 Qd4+ 44. Qxd4 exd4
45. Rf1 Nxd5 46. Rbf3 Rc7 47. g6 hxg6 48. h7 Kg7 49. Rxf7+ Rxf7 50. Rxf7+
Kh8 51. Rd7 Nxb4 52. Rxd6 Kxh7 53. c3 1-0

[Event "22nd Open"]
[Site "Cappelle la Grande FRA"]
[Date "2006.02.24"]
[Round "8"]
[White "Goloshchapov,A"]
[Black "Azarov,S"]
[Result "1/2-1/2"]
[WhiteElo "2533"]
[BlackElo "2581"]
[EventDate "2006.02.18"]

1. e4 e5 2. Nf3 Nc6 3. Bb5 a6 4. Ba4 Nf6 5. O-O Be7 6. Re1 b5 7. Bb3 O-O 8.
c3 d5 9. exd5 Nxd5 10. Nxe5 Nxe5 11. Rxe5 c6 12. d3 Bd6 13. Re1 Qh4 14. g3
Qh3 15. Re4 Qf5 16. Nd2 Qg6 17. a4 Nf6 18. Re1 Bg4 19. f3 Bh3 20. Kh1 Qh5
21. Qe2 Rae8 22. Ne4 Bxg3 23. hxg3 Be6+ 24. Kg1 Nxe4 25. fxe4 Qxe2 26. Rxe2
Bxb3 27. axb5 1/2-1/2

[Event "22nd Open"]
[Site "Cappelle la Grande FRA"]
[Date "2006.02.24"]
[Round "8"]
[White "Yevseev,D"]
[Black "Zhigalko,A"]
[Result "1-0"]
[WhiteElo "2557"]
[BlackElo "2505"]
[EventDate "2006.02.18"]

1. d4 Nf6 2. c4 g6 3. Nc3 Bg7 4. e4 d6 5. Be2 O-O 6. Nf3 Na6 7. O-O e5 8.
Be3 Ng4 9. Bg5 Qe8 10. dxe5 dxe5 11. h3 h6 12. Bd2 Nf6 13. Be3 Qe7 14. a3
c6 15. b4 Nh5 16. Re1 Qf6 17. Ra2 Nf4 18. Bf1 Rd8 19. Rd2 Rxd2 20. Qxd2 Be6
21. b5 Nc7 22. bxc6 bxc6 23. Qd6 Rc8 24. Bxf4 exf4 25. e5 Qd8 26. Ne4 Ne8
27. Qb4 Bf8 28. Qa4 Rc7 29. c5 Bd5 30. Bc4 Qe7 31. Bxd5 cxd5 32. Nd6 Ng7
33. c6 Ne8 34. Nxe8 Qxe8 35. Rc1 d4 36. Nxd4 Qxe5 37. Nb5 f3 38. Qc4 Rc8
39. c7 fxg2 40. Qg4 Re8 41. a4 h5 42. Qg3 Qe2 43. Kxg2 Qe6 44. Qf3 Qa6 45.
Qc6 1-0

[Event "22nd Open"]
[Site "Cappelle la Grande FRA"]
[Date "2006.02.24"]
[Round "8"]
[White "Senff,M"]
[Black "Golod,V"]
[Result "0-1"]
[WhiteElo "2471"]
[BlackElo "2577"]
[EventDate "2006.02.18"]

1. e4 e5 2. Nf3 Nc6 3. Bb5 a6 4. Ba4 Nf6 5. Qe2 b5 6. Bb3 Be7 7. c3 O-O 8.
O-O d6 9. Rd1 Na5 10. Bc2 c5 11. d4 Qc7 12. d5 c4 13. Nbd2 Nb7 14. Nf1 Re8
15. Ng3 Nc5 16. h3 Rb8 17. b4 cxb3 18. axb3 a5 19. b4 axb4 20. cxb4 Na4 21.
Bxa4 bxa4 22. Rxa4 Bd7 23. Ra2 Rxb4 24. Ba3 Rb6 25. Nd2 Qa7 26. Bc5 Qxa2
27. Bxb6 Qc2 28. Be3 h5 29. Qf3 g6 30. Ra1 Ng4 31. Ndf1 Nxe3 32. Nxe3 Qc5
33. Kh2 h4 34. Ne2 Bg5 35. Rc1 Qa7 36. Rc3 Rc8 37. Rxc8+ Bxc8 38. Nd1 Qa2
39. g3 Qd2 40. Qc3 hxg3+ 41. Nxg3 Qxc3 42. Nxc3 Bd7 43. Nge2 Bd2 44. Kg3
Kg7 45. Nd1 f5 46. f3 Kf6 47. exf5 gxf5 48. f4 Bb5 49. fxe5+ dxe5 50. Kf2
Bb4 51. Nec3 Bc4 52. Kf3 Bd3 53. h4 e4+ 54. Kf4 Bd6+ 55. Ke3 Ke5 56. h5 Bf8
57. Kf2 f4 58. Nb2 Ba6 59. Nba4 Bc8 60. h6 Bf5 61. Ne2 Bxh6 62. Nb6 Bg4 63.
Nc3 e3+ 64. Ke1 f3 65. Nd1 Bf4 66. Nc4+ Kd4 0-1

[Event "22nd Open"]
[Site "Cappelle la Grande FRA"]
[Date "2006.02.24"]
[Round "8"]
[White "Luther,T"]
[Black "Szelag,M"]
[Result "0-1"]
[WhiteElo "2569"]
[BlackElo "2468"]
[EventDate "2006.02.18"]

1. e4 e6 2. d4 d5 3. Nc3 Bb4 4. e5 c5 5. a3 Bxc3+ 6. bxc3 Ne7 7. Qg4 Qa5 8.
Bd2 O-O 9. Bd3 Nbc6 10. Nf3 f5 11. exf6 Rxf6 12. Qh5 Nf5 13. c4 Qa4 14. g4
dxc4 15. Be4 Ncxd4 16. gxf5 Nxc2+ 17. Kf1 c3 18. Bxc3 Qxe4 19. Bxf6 Bd7 20.
Qxh7+ Kxh7 21. Ng5+ Kh6 22. Nxe4 gxf6 23. Rc1 Bb5+ 24. Kg2 exf5 25. Rxc2
fxe4 26. Re1 Rg8+ 27. Kh1 b6 28. Re3 Rg5 29. Rh3+ Kg7 30. Rg3 Rxg3 31. fxg3
Bd3 32. Rc1 c4 33. Kg2 b5 34. Kf2 a5 35. Ke3 b4 36. axb4 axb4 37. Ra1 b3
38. Ra7+ Kf8 39. Rb7 Bc2 40. Kd4 e3 41. Kxe3 c3 42. Kd4 b2 43. Kxc3 b1=Q
44. Rxb1 Bxb1 45. Kd4 Kf7 46. Ke3 Kg6 47. Kf4 Kh5 48. h3 Bc2 49. Kf3 Kg5
50. Kf2 Bf5 51. Kg2 Bd7 52. Kh2 Kf5 0-1